Представление документа в формате RUSMARC

ПолеНазваниеЗначение
  Тип записи c
  Библиографический уровень m
001 Контрольный номер RU/УОНБ/EK_N/322862325
005 Дата корректировки 20250520122429.7
010 Индекс ISBN __
9 Тираж 100000 экз.
013 Номер (ISMN) __
d Цена 65 к.
100 Данные общей обработки __
a Данные общей обработки 20000404d1988 u y0rusy0103||||ca
101 Язык документа 0_
a Язык текста rus
200 Заглавие и сведения об ответственности 1_
a Заглавие Хрестоматия к программе по музыке для общеобразовательной школы
e Сведения, относящиеся к заглавию 6 кл.
f Первые сведения об ответственности ред. Ю. И. Челкаускас
210 Выходные данные 1_
a Место издания Москва
c Издательство Просвещение
d Дата издания 1988
215 Физическое описание __
a Объем 159 с.
d Формат 30 см
686 Индексы других классификаций __
a Классификационный индекс 85.98я72
2 Код системы rubbk
702 Вторичная интеллектуальная ответственность _1
a Фамилия Челкаускас
b Имя (инициалы) Ю. И.
4 Код отношения 340
801 Источник записи _0
a Страна RU
b Организация Ульяновская государственная областная научная библиотека им.В.И.Ленина
c Дата составления 20000404
g Правила каталогизации PSBO
801 Источник записи _1
a Страна RU
b Организация Ульяновская государственная областная научная библиотека им.В.И.Ленина
c Дата составления 20000404
901 Тип документа __
t Тип документа m
938 Служебная информация __
a Имя БД noti
b Имя библиотеки УОНБ
c Имя АИБС МАРК-SQL
d Номер DOC_ID в БД 4047